| 000 | 006870000a22002170004500 | ||
|---|---|---|---|
| 003 | LK-CoMWRAF | ||
| 005 | 20231106152916.0 | ||
| 008 | 230817t1995 ||||| |||| 00| 0 eng d | ||
| 020 | _a8120610725 | ||
| 040 |
_aLK-CoMWRAF _dLK-CoMWRAF _eLK-CoMWRAF |
||
| 041 | _aeng | ||
| 082 |
_a920 _bSKI |
||
| 100 | _aSkinner, Thomas | ||
| 245 |
_aFifty years in Ceylon: _ban autobiography |
||
| 260 |
_aNew Delhi: _bAsian educational services, _c1995 |
||
| 300 | _ax p., 1 l., 327 [1] p. front. (port.) illus. (coat of arms) fold. map. 22 cm. | ||
| 650 | _aSRI LANKA--Politics and government. | ||
| 650 | _aGreat Britain -- Colonies -- Sri Lanka | ||
| 700 |
_a Skinner, Annie _eed. |
||
| 942 | _cBK | ||
| 999 |
_c741 _d741 |
||